驻地不位于区、县级市的地级行政区划 Prefecture sites not in its districts - Statistics

General Stats
  • This quiz has been taken 65 times
  • The average score is 6 of 6
Answer Stats
驻地所在县级行政区划 地级行政区名 % Correct
阿拉善左旗 阿拉善盟
100%
铁岭县 铁岭市
96%
玛沁县 果洛藏族自治州
94%
海晏县 海北藏族自治州
93%
共和县 海南藏族自治州
91%
噶尔县 阿里地区
76%
No matching quizzes found
Score Distribution
Percent of People with Each Score
Percentile by Number Answered
Your Score History
You have not taken this quiz